000
00260nam a22001217a 4500
003
SGT
082
_a
617.96
_b
M17M
100
_a
MARINO,PAUL L
245
_a
MARINOS THE ICU BOOK
260
_a
INDIA
_b
WOLTER KLUWER
_c
2017
300
_a
1059
942
_2
ddc
_c
BK
_0
1
999
_c
14301
_d
14301